000 00953nam a22003137a 4500
001 BR2017001545
003 BR-BrBNA
005 20230928105111.0
007 ta
008 230509b bl.||||| |||| 00| 0 por d
040 _aBR-BrBNA
_bpor
_cBiblioteca Nacional de Agricultura
041 _a(Por)
072 _aF01; F30
090 _ F01 BR2017001545
100 1 _aFernandes, S.B.
110 1 _aUniversidade Federal de Lavras, MG (Brasil)
_0Tese (Doutorado)
245 1 _aEstratégias para melhorar a eficiência de seleção em progênies de meios irmãos por meio de simulação
260 3 _aLavras, MG (Brasil):
_c2016.
300 _a68 p.
500 _aSummaries (Eng, Por); 14 illus.; Bibliography p. 59-65
650 _aPLANTA
650 _aPRODUÇÃO VEGETAL
650 _aMELHORAMENTO
650 _aGENÉTICA
650 _aPROGÊNIE
650 _aSELEÇÃO GENÉTICA
909 _a202309
_bLucia
_c55
_dLucia Elande
942 _cBK
999 _c83415
_d83415